| 000 | 00932nam a2200217Ia 4500 | ||
|---|---|---|---|
| 999 |
_c39922 _d39922 |
||
| 001 | 6527 | ||
| 003 | GE_BSU | ||
| 005 | 20191022122842.0 | ||
| 008 | 181216s1978||||g |||||||||||||| ||g || | ||
| 040 | _cGE_BSU | ||
| 041 | _ageo | ||
| 080 | _a821.353.1-1+392.2(479.22) ბ-89 | ||
| 100 |
_aბოძაშვილი, დავით _94933 |
||
| 245 |
_aლექს-კაფიები / _cდავით ბოძაშვილი ; შემდგ. ლევან ბოძაშვილი ; რედ. ირ. არაბული. |
||
| 264 |
_aთბილისი : _bსაბჭ.საქართველო ; _c1978. |
||
| 300 |
_a60 გვ. ; _c17 სმ. |
||
| 653 | _aლექს-კაფიები | ||
| 700 |
_aბოძაშვილი, ლევან _eშემდგენელი _94934 |
||
| 700 |
_aარაბული, ირ. _eრედაქტორი _94935 |
||
| 942 |
_cBK _2udc |
||